Observaciones geologicas de la region costanera sur de la provincia de buenos aires /

Guardado en:
Autor Principal: Frenguelli, Joaquin
Formato: Libro
Publicado: Parana : Facultad De Ciencias De La Educacion, 1928
Series:Sep. De Anales De La Fac., Ii
Materias:
Etiquetas: Agregar Etiqueta
Sin Etiquetas, Sea el primero en etiquetar este registro!
LEADER 00599nam a22001695a 4500
001 EHU.bham003956
003 AR-BHAM
005 20080103102457.0
008 130507s1928##################000#0#####d
082 5 5 |a 558.21 
100 1 |a Frenguelli, Joaquin 
245 1 0 |a Observaciones geologicas de la region costanera sur de la provincia de buenos aires /  |c Joaquin Frenguelli. 
260 |a Parana :  |b Facultad De Ciencias De La Educacion,  |c 1928 
300 |a 1-145 p. 
490 0 |a Sep. De Anales De La Fac., Ii 
653 |a Geologia de la patagonia 
859 |a AR-BHAM  |b BIB. HUMANIDADES - General  |h 558.21  |i F889  |p 198.71  |t Ej.1